00457nam a2200121Ia 4500008004100000245007300041245004100114260000900155650001400164856006500178999001900243952007300262171211s9999 xx 000 0 und d aIntegrating Young Adult Literature Through The Common Core Standards cJon W. Ostenson and Rachel L. Wadham c2013 xLANGUAGES uhttp://down.ebook777.com/024/IntYouAduLitThrTheComCorSta.pdf c349758d349758 001040aCLbCLd2017-12-11l0r2017-12-11 00:00:00w2017-12-11yCBE